| 000 | 00727nam a22002177a 4500 | ||
|---|---|---|---|
| 999 |
_c10986 _d10986 |
||
| 003 | AR-CdUCM | ||
| 008 | 190402b ||||| |||| 00| 0 spa d | ||
| 040 |
_aMUNICIPALIDAD PROVINCIAL DEL CUSCO _cBIBLIOTECA MUNICIPAL DEL CUSCO |
||
| 082 |
_aEP / 372.460 / _bZ37 |
||
| 100 |
_aZapata Santillana, Everardo _927530 |
||
| 245 |
_aPablito : _bLibro de lectura, 2do grado de educación primaria / |
||
| 260 |
_aLima : _bEdiciones coquito, _c1993. |
||
| 300 |
_a111 paginas ; _bilustraciones, graficos, dibujos, _c27 cm. |
||
| 500 | _aLibro de lectura | ||
| 650 |
_aLibro de lectura _927572 |
||
| 650 |
_aTexto para niños _928088 |
||
| 650 |
_aLectura _92069 |
||
| 650 |
_aLiteratura _983 |
||
| 942 |
_2ddc _cLIBROS |
||
| 945 | _apjha | ||